000 00301nam a22001337a 4500
008 170411b xxu||||| |||| 00| 0 eng d
020 _a9780683302011
041 _aeng
080 _25 ED
_a618
100 _a10
101 _aSHM
245 _aGLASSS OFFICE GYNECOLOGY
_cCURIS,M,P
942 _2udc
_cBK
999 _c10366
_d10366